| 000 | 00763nam a22002177a 4500 | ||
|---|---|---|---|
| 999 |
_c20776 _d20776 |
||
| 003 | AR-CdUCM | ||
| 008 | 190605b ||||| |||| 00| 0 spa d | ||
| 040 |
_aMUNICIPALIDAD PROVINCIAL DEL CUSCO _cBIBLIOTECA MUNICIPAL DEL CUSCO |
||
| 041 | _heng | ||
| 082 |
_a635.9 / _bW92 _23ed. |
||
| 100 |
_aWright, Michael _919837 |
||
| 245 | _aGuía practica ilustrada para el jardín en casa / | ||
| 260 |
_aBarcelona : _bBlume, _c1980. |
||
| 300 |
_a256 páginas; _bIlustraciones, _c29 cm. |
||
| 505 | _aContenido: Como crear un jardín interior -- Plantas que se pueden cultivar en casa -- Plantas para interiores y exteriores... | ||
| 650 |
_aJardineria _919750 |
||
| 650 |
_aSiglo XX _98 |
||
| 650 |
_aTécnicas _9975 |
||
| 942 |
_2ddc _cLIBROS |
||
| 945 | _aJavier | ||